Toki Pona Quiz: Medium (musi pi toki pona li meso) - Statistics

General Stats
  • This quiz has been taken 56 times
  • The average score is 4 of 6
Answer Stats
pali pona % Correct
nanpa li lipu li pali la toki pona e seme? tu
94%
mama pi toki pona li seme? jan Sonja
86%
toki pona li pali lon tenpo seme? 2001
83%
mama pi toki pona tan ma seme? ma Kanata
69%
nanpa li nimi lon puli seme? 120
64%
nimi “kijetesantakalu” li lon toki seme? toki Sumi
14%
No matching quizzes found
Score Distribution
Percent of People with Each Score
Percentile by Number Answered
Your Score History
You have not taken this quiz